000 00386nam a2200133 a 4500
001 000028275
005 20200930031511.0
008 110407s1983 dr 000 0 spa d
040 _aDO-SdBNP
_bspa
_cBNPHU
245 0 0 _aCarta de los derechos de la familia. /.
260 _aSanto Domingo, :
_bUniversidad Católica de Santo Domingo,
_c1983.
300 _a19 p. ;
_c21 cm.
049 _aBNPD
999 _c27767
_d27767